000 00542 a2200193 4500
003 Nust
005 20170207153440.0
010 _a 78018922
020 _a0471034967
040 _cNust
082 0 0 _a621.3819
100 1 _aHwang, Kai.
245 1 0 _aComputer arithmetic :
_bprinciples, architecture, and design /
_cKai Hwang.
260 _aNew York :
_bWiley,
_cc1979.
300 _axiii, 423 p. :
_bill. ;
_c24 cm.
650 0 _aComputer arithmetic and logic units.
650 0 _aComputer arithmetic.
650 0 _aElectronic digital computers.
942 _2ddc
_cBK
999 _c186464
_d186464